[Event "UAE President Cup 13th"]
[Site "Dubai"]
[Date "2007.01.25"]
[Round "7"]
[White "Al Huwar, Jasem"]
[Black "Ahmed, Ishaq"]
[Result "1-0"]
[WhiteElo "2304"]
[BlackElo "2120"]
[PlyCount "78"]
[EventDate "2007.01.18"]
[EventType "swiss"]
[EventRounds "9"]
[EventCountry "UAE"]
[SourceTitle "EXT 2018"]
[Source "ChessBase"]
[SourceDate "2017.10.13"]
[SourceVersion "1"]
[SourceVersionDate "2017.10.13"]
[SourceQuality "1"]

1. d4 Nf6 2. c4 e6 3. Nf3 c5 4. d5 exd5 5. cxd5 d6 6. Nc3 g6 7. e4 Bg7 8. h3 0-0 9. Bg5 Na6 10. Bd3 Nc7 11. 0-0 a6 12. Qd2 b5 13. a3 Re8 14. Rfe1 Bb7 15. Rad1 Qd7 16. b4 cxb4 17. axb4 Rac8 18. Rc1 Na8 19. Be3 Qd8 20. Nd4 Nb6 21. Nb3 Nfd7 22. Na5 Ba8 23. Ne2 Rxc1 24. Rxc1 Ne5 25. Nd4 Nbd7 26. Be2 Nf6 27. f3 Nh5 28. f4 Ng3 29. fxe5 Nxe4 30. Qd3 Bxe5 31. Ndc6 Bxc6 32. Nxc6 Qh4 33. Nxe5 dxe5 34. d6 Rd8 35. d7 Kg7 36. Bb6 Rf8 37. d8Q Rxd8 38. Bxd8 Qf4 39. Rf1 Qd2 1-0

[Event "UAE President Cup 13th"]
[Site "Dubai"]
[Date "2007.01.22"]
[Round "5"]
[White "Saeed, Ishaq"]
[Black "Ahmed, Ishaq"]
[Result "0-1"]
[WhiteElo "2128"]
[BlackElo "2120"]
[PlyCount "44"]
[EventDate "2007.01.18"]
[EventType "swiss"]
[EventRounds "9"]
[EventCountry "UAE"]
[SourceTitle "EXT 2018"]
[Source "ChessBase"]
[SourceDate "2017.10.13"]
[SourceVersion "1"]
[SourceVersionDate "2017.10.13"]
[SourceQuality "1"]

1. d4 d5 2. c4 e6 3. Nc3 Nf6 4. Nf3 c5 5. cxd5 exd5 6. e3 Nc6 7. Be2 Bd6 8. 0-0 0-0 9. b3 cxd4 10. exd4 Bg4 11. Be3 Re8 12. Qc2 Rc8 13. Qb2 h6 14. a3 Bb8 15. Rac1 Ne4 16. Rfd1 a6 17. Nxe4 dxe4 18. Ne5 Bxe2 19. Nxc6 Qd6 20. Ne5 Bxd1 21. Rxd1 Rxe5 22. Bf4 Qd7 0-1

[Event "Abu Dhabi op 16th"]
[Site "Abu Dhabi"]
[Date "2006.08.12"]
[Round "1"]
[White "Ahmed, Ishaq"]
[Black "Jakovljevic, Vlado"]
[Result "0-1"]
[WhiteElo "2113"]
[BlackElo "2414"]
[PlyCount "32"]
[EventDate "2006.08.12"]
[EventType "swiss"]
[EventRounds "9"]
[EventCountry "UAE"]
[SourceTitle "CBM 113 Extra"]
[Source "ChessBase"]
[SourceDate "2006.09.14"]
[SourceVersion "1"]
[SourceVersionDate "2006.09.14"]
[SourceQuality "1"]

1. e4 c5 2. Nf3 d6 3. d4 cxd4 4. Nxd4 Nf6 5. Nc3 a6 6. Be2 e6 7. 0-0 Nc6 8. Be3 Be7 9. f4 0-0 10. Qe1 Qc7 11. a4 Nxd4 12. Bxd4 e5 13. fxe5 dxe5 14. Qg3 Re8 15. Bxe5 Bc5+ 16. Kh1 Qxe5 0-1

[Event "Abu Dhabi op 15th"]
[Site "Abu Dhabi"]
[Date "2005.08.17"]
[Round "4"]
[White "Amer, Mohamed"]
[Black "Ahmed, Ishaq"]
[Result "1-0"]
[WhiteElo "2223"]
[BlackElo "2079"]
[PlyCount "49"]
[EventDate "2005.08.14"]
[EventType "swiss"]
[EventRounds "9"]
[EventCountry "UAE"]
[SourceTitle "CBM 107 Extra"]
[Source "ChessBase"]
[SourceDate "2005.09.01"]
[SourceVersion "1"]
[SourceVersionDate "2005.09.01"]
[SourceQuality "1"]

1. e4 c5 2. Nf3 Nc6 3. Bb5 g6 4. 0-0 Bg7 5. c3 e5 6. d4 cxd4 7. cxd4 exd4 8. e5 Nge7 9. Re1 0-0 10. Bg5 Qb6 11. Na3 Re8 12. Nc4 Qxb5 13. Nd6 Qa5 14. Nxe8 Nf5 15. g4 Nfe7 16. Nxg7 Kxg7 17. Bf6+ Kf8 18. Nxd4 Nd5 19. Nb3 Qb5 20. a4 Qc4 21. Rc1 Qxa4 22. Qxd5 Qxg4+ 23. Qg2 Qb4 24. Re3 b6 25. Qg5 1-0

[Event "Genova op 7th"]
[Site "Genova"]
[Date "2003.08.03"]
[Round "2"]
[White "Di Paolo, Raffaele"]
[Black "Ahmed, Ishaq"]
[Result "1-0"]
[WhiteElo "2323"]
[BlackElo "1973"]
[PlyCount "95"]
[EventDate "2003.08.02"]
[EventType "swiss"]
[EventRounds "9"]
[EventCountry "ITA"]
[SourceTitle "CBM 095 Extra"]
[Source "ChessBase"]
[SourceDate "2003.09.04"]
[SourceVersion "1"]
[SourceVersionDate "2003.09.04"]
[SourceQuality "1"]

1. e4 c5 2. Nf3 Nc6 3. Bb5 g6 4. 0-0 Bg7 5. Re1 Nf6 6. Nc3 Nd4 7. e5 Ng8 8. d3 f6 9. Bc4 fxe5 10. Nxe5 e6 11. Ng4 Ne7 12. Ne4 d5 13. c3 Ndc6 14. Nef6+ Bxf6 15. Nxf6+ Kf7 16. Qf3 dxc4 17. Ne4+ Kg7 18. Qf6+ Kg8 19. dxc4 b6 20. g4 h6 21. Qh4 Qf8 22. Qg3 e5 23. f4 exf4 24. Bxf4 Kh7 25. Be5 Nxe5 26. Qxe5 Ng8 27. Rf1 Qg7 28. Rf6 Bb7 29. Raf1 Rf8 30. Rxf8 Qxe5 31. R8f7+ Qg7 32. Nd6 Ne7 33. Rxg7+ Kxg7 34. Rf7+ Kg8 35. Rxe7 Bf3 36. Rxa7 Bxg4 37. Ne4 Be6 38. b4 cxb4 39. cxb4 Bxc4 40. Nf6+ Kf8 41. Nd7+ Kg8 42. Nxb6 Bf7 43. Nd7 Be6 44. Nf6+ Kf8 45. b5 Bf7 46. Ra8+ Kg7 47. Rxh8 Kxh8 48. b6 1-0

[Event "Dubai op U14"]
[Site "Dubai"]
[Date "2003.07.26"]
[Round "4"]
[White "Ahmed, Ishaq"]
[Black "Safarli, Eltaj"]
[Result "0-1"]
[WhiteElo "1973"]
[BlackElo "2190"]
[PlyCount "136"]
[EventDate "2003.07.23"]
[EventType "swiss"]
[EventRounds "9"]
[EventCountry "UAE"]
[SourceTitle "CBM 095 Extra"]
[Source "ChessBase"]
[SourceDate "2003.09.04"]
[SourceVersion "1"]
[SourceVersionDate "2003.09.04"]
[SourceQuality "1"]

1. e4 d5 2. exd5 Qxd5 3. Nc3 Qd8 4. d4 g6 5. Nf3 Bg7 6. Be3 Nh6 7. Qd2 Nf5 8. Bf4 0-0 9. 0-0-0 c6 10. Kb1 Nd6 11. h4 h5 12. Ne5 Nd7 13. g4 Nxe5 14. dxe5 Bxg4 15. exd6 Bxd1 16. Qxd1 exd6 17. Bxd6 Re8 18. Bc4 b5 19. Bb3 a5 20. a3 Qf6 21. Bc5 Rad8 22. Qc1 Rd7 23. Rg1 Kh8 24. Qg5 Re5 25. Qxf6 Bxf6 26. Be3 Bxh4 27. Bxf7 Rxe3 28. fxe3 Rxf7 29. Rxg6 Rf6 30. Rg1 Rh6 31. Ne4 Be7 32. Rh1 h4 33. Ng3 Bg5 34. Nf5 Rh7 35. Rh3 Kg8 36. Nd4 c5 37. Nxb5 Re7 38. e4 Rxe4 39. Nd6 Re3 40. Rh1 Kh7 41. Nf5 Re4 42. Rg1 Kg6 43. Nd6 Rf4 44. b3 h3 45. Nc4 h2 46. Rh1 Rf2 47. Ne5+ Kf5 48. Nd3 Rg2 49. Ne1 Rg1 50. Rxh2 Rxe1+ 51. Kb2 Bc1+ 52. Ka2 Be3 53. Kb2 Ke4 54. Kc3 Bc1 55. Rh4+ Kd5 56. Rh5+ Re5 57. Rxe5+ Kxe5 58. a4 Kd5 59. Kd3 Ba3 60. c3 c4+ 61. bxc4+ Kc5 62. Kd2 Kxc4 63. Kc2 Bc5 64. Kb2 Kd3 65. Kb3 Bd6 66. Kb2 Be5 67. Kb3 Bxc3 68. Ka3 Kc4 0-1

[Event "Dubai op 05th"]
[Site "Dubai"]
[Date "2003.04.23"]
[Round "3"]
[White "Ahmed, Ishaq"]
[Black "Ayyad, Maher"]
[Result "1-0"]
[WhiteElo "1944"]
[BlackElo "2146"]
[PlyCount "81"]
[EventDate "2003.04.20"]
[EventType "swiss"]
[EventRounds "9"]
[EventCountry "UAE"]
[SourceTitle "CBM 093 Extra"]
[Source "ChessBase"]
[SourceDate "2003.05.09"]
[SourceVersion "1"]
[SourceVersionDate "2003.05.09"]
[SourceQuality "1"]

1. e4 c5 2. Nf3 e6 3. d4 cxd4 4. Nxd4 Nf6 5. Nc3 Nc6 6. Nxc6 bxc6 7. e5 Nd5 8. Ne4 f5 9. exf6 Nxf6 10. Nd6+ Bxd6 11. Qxd6 Qe7 12. Bf4 Qxd6 13. Bxd6 Kf7 14. Bd3 a5 15. c3 Ne8 16. Be5 d6 17. Bg3 Nf6 18. 0-0-0 d5 19. Rhe1 Ba6 20. Bc2 Rhe8 21. f3 Ra7 22. Re3 Nd7 23. Rde1 g6 24. Bd6 Rb7 25. h4 Nb6 26. b3 Nd7 27. h5 c5 28. Rh1 d4 29. hxg6+ hxg6 30. Re4 Nf6 31. cxd4 cxd4 32. Rxd4 e5 33. Rd2 e4 34. fxe4 Nxe4 35. Rd4 Nf6 36. Rhd1 Re2 37. R1d2 Re1+ 38. Kb2 Bb5 39. Bg3 Rg1 40. Bh4 Bc6 41. Bxf6 1-0